A Cargill Magyarország Zrt. működésének vizsgálata

Bibliográfiai részletek
Szerző: Kovács Lili
További közreműködők: Fabula László
Dokumentumtípus: Diplomadolgozat
Kulcsszavak:Cargill
mezőgazdaság
felelősség
közúti fuvarozás
Online Access:http://dolgozattar.uni-bge.hu/20134

MARC

LEADER 00000nta a2200000 i 4500
001 dolg20134
005 20190905152756.0
008 190425suuuu hu om 000 hun d
040 |a BGE Dolgozattár Repozitórium  |b hun 
041 |a hu 
100 1 |a Kovács Lili 
245 1 2 |a A Cargill Magyarország Zrt. működésének vizsgálata  |c Kovács Lili  |h [elektronikus dokumentum] 
246 1 1 |a A Cargill Magyarország Zrt. működésének vizsgálata 
695 |a Cargill 
695 |a mezőgazdaság 
695 |a felelősség 
695 |a közúti fuvarozás 
700 1 |a Fabula László  |e ths 
856 4 0 |u http://dolgozattar.uni-bge.hu/20134/1/Kov%C3%A1cs%20Lili_VYOVUB_KM.pdf  |z Dokumentum-elérés 
856 4 0 |u http://dolgozattar.uni-bge.hu/20134/2/Kov%C3%A1cs%20Lili_VYOVUB_KM_titkos%C3%ADt%C3%A1si%20k%C3%A9relem.pdf  |z Dokumentum-elérés